00413nam a2200157 a 4500001000500000005001700005008004100022020001800063050001700081245001000098260004900108300002100157440002700178650002400205650002600229001120140414131927.0040726s19uu xx 00 eng d a962-293-469-2 aERbR93 1995 aRuth. aHong Kong :bHong Kong Bible Society,c1995. a1 v. : ill. ; cm aWords of wisdom series aBible storiesxO.T. aBible characterxO.T.